[Event "Arie Nijman Memorial 2023"]
[Site "Christchurch NZL"]
[Date "2023.05.20"]
[Round "3.2"]
[White "Yu, Zachary"]
[Black "Cilia Vincenti, David"]
[Result "1/2-1/2"]
[WhiteElo "1988"]
[BlackElo "2156"]

1. d4 f5 2. c4 Nf6 3. Nc3 e6 4. g3 Bb4 5. Bg2 O-O 6. Nf3 Bxc3+ 7. bxc3 d6 8.
O-O Nc6 9. Ba3 Re8 10. Nd2 e5 11. d5 Na5 12. Qa4 b6 13. Bb4 Nb7 14. e4 a5 15.
Ba3 Bd7 16. Qc2 f4 17. gxf4 exf4 18. Rae1 Ng4 19. Nf3 Ne5 20. Nxe5 Rxe5 21. f3
Qh4 22. Rf2 Rf8 23. Kh1 Rf6 24. Rg1 Rg6 25. Bf1 Rxg1+ 26. Kxg1 Rg5+ 27. Kh1 Nd8
28. Bc1 Nf7 29. Qd2 Ne5 30. Rg2 Rxg2 31. Qxg2 g5 32. Bd2 h6 33. Be2 Kf7 34. Qg1
Qh3 35. Qf2 Bc8 36. c5 bxc5 37. c4 a4 38. Bc3 Ng6 39. e5 Nxe5 40. Bxe5 dxe5 41.
Qxc5 Qd7 42. Qb4 Qd6 43. Qb1 Kg7 44. Qe4 Bh3 45. Bd3 Kf8 46. Qh7 Qf6 47. Qxc7
e4 48. Qb8+ Kg7 49. Qb7+ Kf8 50. Qb4+ Kg7 51. Bxe4 Qa1+ 52. Bb1 Bf5 53. Qe7+
Kg8 54. Qd8+ Kf7 55. Qc7+ Kg6 56. Qc6+ Kh5 57. Qe8+ Kh4 58. Qe1+ Kh5 59. d6
Bxb1 60. d7 Qd4 61. Qe8+ Bg6 62. d8=Q Qa1+ 63. Kg2 Bxe8 64. Qxe8+ Kh4 65. Qe2
a3 66. Qf2+ Kh5 67. c5 Qc3 68. Kf1 Kg6 69. Kg2 Kf5 70. h4 g4 71. Qe2 gxf3+ 72.
Qxf3 Qc2+ 73. Qf2 Qe4+ 74. Qf3 Qc2+ 75. Qf2 1/2-1/2

[Event "Arie Nijman Memorial 2023"]
[Site "Christchurch NZL"]
[Date "2023.05.20"]
[Round "3.3"]
[White "Gold, Hamish R"]
[Black "Liu, William Rui"]
[Result "0-1"]
[WhiteElo "1744"]
[BlackElo "2105"]

1. e3 e5 2. d4 exd4 3. exd4 Nf6 4. f4 d5 5. Nf3 Bd6 6. Ne5 O-O 7. Bd3 c5 8. O-O
cxd4 9. Nd2 Nc6 10. Nxc6 bxc6 11. Qf3 Re8 12. h3 c5 13. g4 Bb7 14. g5 Ne4 15.
Bb5 Re7 16. h4 Qb6 17. Nxe4 dxe4 18. Qe2 d3 19. Qg4 Qxb5 20. f5 e3 21. cxd3 e2
22. Re1 Qxd3 23. g6 Qg3+ 24. Qxg3 Bxg3 25. Bg5 f6 26. gxh7+ Kxh7 0-1

[Event "Arie Nijman Memorial 2023"]
[Site "Christchurch NZL"]
[Date "2023.05.20"]
[Round "3.4"]
[White "Cummings, Nick"]
[Black "Lukey, Stephen G"]
[Result "1/2-1/2"]
[WhiteElo "2128"]
[BlackElo "2324"]

1. Nf3 Nf6 2. d4 d5 3. c4 e6 4. g3 c5 5. cxd5 exd5 6. Bg2 Nc6 7. O-O Be7 8. a3
Ne4 9. dxc5 Bxc5 10. b4 Be7 11. Bb2 Bf6 12. Bxf6 Qxf6 13. Nbd2 Nc3 14. Qe1 O-O
15. Nb3 Bf5 16. Rc1 Na2 17. Ra1 Nc3 18. Rc1 Na2 19. Ra1 Bc2 20. Nc5 Qb2 21. Qd2
Rac8 1/2-1/2

[Event "Arie Nijman Memorial 2023"]
[Site "Christchurch NZL"]
[Date "2023.05.20"]
[Round "3.5"]
[White "McNabb, Matthew D"]
[Black "Wang, Justin Zhide"]
[Result "1-0"]
[WhiteElo "2240"]
[BlackElo "1900"]

1. Nf3 e6 2. c4 Nf6 3. Nc3 d5 4. d4 Bb4 5. e3 O-O 6. Qb3 Bxc3+ 7. bxc3 c6 8.
cxd5 exd5 9. Bd3 Nbd7 10. O-O Re8 11. a4 Ne4 12. c4 Ndf6 13. Ne5 Nd6 14. cxd5
Nxd5 15. Ba3 Re7 16. Nc4 Nxc4 17. Bxe7 Na5 18. Bxd8 Nxb3 19. Ra3 Be6 20. Rxb3
Nxe3 21. Rxb7 Nxf1 22. Bg5 h6 23. Bc1 Nxh2 24. Kxh2 g6 25. Bxh6 Rd8 26. Bg5 Rc8
27. Bf6 Bd5 28. Rxa7 Be6 29. Ba6 Re8 30. Bb7 Bd5 31. a5 Kf8 32. a6 Rb8 33. Ra8
Rxa8 34. Bxa8 Ke8 35. Bb7 1-0

[Event "Arie Nijman Memorial 2023"]
[Site "Christchurch NZL"]
[Date "2023.05.20"]
[Round "3.6"]
[White "Turp, Michael"]
[Black "Elliot, Darryn B"]
[Result "1/2-1/2"]
[WhiteElo "1700"]
[BlackElo "2044"]

1. d4 Nf6 2. Bf4 g6 3. Nf3 Bg7 4. e3 O-O 5. h3 c5 6. c3 cxd4 7. exd4 d5 8. Bd3
Nc6 9. O-O Ne8 10. Re1 Nd6 11. Nbd2 f6 12. Qb3 Nf7 13. c4 e5 14. Be3 Na5 15.
Qc3 e4 16. Nxe4 dxe4 17. Bxe4 Nc6 18. b4 f5 19. Bd5 Ne7 20. Bxf7+ Rxf7 21. Ne5
Bxe5 22. dxe5 f4 23. Rac1 Qf8 24. Bc5 Be6 25. f3 Qc8 26. Bxe7 Rxe7 27. c5 Bxa2
28. Qd2 Bb3 29. Rb1 Qe6 30. Qd6 Bc2 31. Rbc1 Ba4 32. Rb1 a6 33. Kh2 Ree8 34.
Qd4 g5 35. Ra1 Bd7 36. Qc3 Bb5 37. Rad1 Red8 38. Rd6 Qc4 39. Qd2 1/2-1/2

[Event "Arie Nijman Memorial 2023"]
[Site "Christchurch NZL"]
[Date "2023.05.20"]
[Round "3.7"]
[White "Bolster, Caolan"]
[Black "Christie, Richie"]
[Result "0-1"]
[WhiteElo "1662"]
[BlackElo "1945"]

1. d4 d5 2. c4 e6 3. Nf3 f5 4. Bg5 Nf6 5. e3 Be7 6. Nc3 c6 7. Be2 O-O 8. Qb3
Ne4 9. Bxe7 Qxe7 10. Ne5 Nd7 11. Nxd7 Bxd7 12. O-O Nd2 13. Qc2 Nxf1 14. Bxf1
Qg5 15. g3 Rf6 16. Ne2 Rh6 17. Nf4 Qf6 18. c5 g5 19. Nd3 { } 19... Be8 20. Ne5
Bh5 21. a4 Qg7 22. b4 a6 23. Rb1 Be8 24. b5 axb5 25. axb5 cxb5 26. Bxb5 Bxb5
27. Rxb5 Ra1+ 28. Kg2 Rxh2+ 29. Kf3 Qh6 30. Ke2 Rxf2+ 0-1

[Event "Arie Nijman Memorial 2023"]
[Site "Christchurch NZL"]
[Date "2023.05.20"]
[Round "3.8"]
[White "Ashton, Matthew"]
[Black "Lu, Xiahan (Luna)"]
[Result "0-1"]
[WhiteElo "1930"]
[BlackElo "1645"]

1. e4 c5 2. Nf3 d6 3. d4 cxd4 4. Nxd4 Nf6 5. Nc3 a6 6. Be2 e6 7. O-O Be7 8. Be3
O-O 9. f4 Nbd7 10. Qe1 Qc7 11. Qg3 b5 12. Bf3 Bb7 13. e5 Ne8 14. Bxb7 Qxb7 15.
Rad1 Nb6 16. b3 Rc8 17. Nce2 Nd5 18. Bd2 b4 19. c4 bxc3 20. Nxc3 Nec7 21. Nxd5
Nxd5 22. f5 dxe5 23. Bh6 Bf6 24. fxe6 fxe6 25. Nxe6 Qb6+ 26. Rf2 Qxe6 27. Rxd5
Qxd5 28. Rxf6 Qd1+ 0-1

[Event "Arie Nijman Memorial 2023"]
[Site "Christchurch NZL"]
[Date "2023.05.20"]
[Round "3.9"]
[White "Familton, Gregory"]
[Black "Moshakova, Elena"]
[Result "1-0"]
[WhiteElo "1815"]
[BlackElo "1497"]

1. e4 e5 2. Nc3 Nf6 3. f4 d5 4. fxe5 Nxe4 5. Qf3 Nxc3 6. bxc3 c5 7. Qg3 Qb6 8.
Nh3 Qg6 9. Qf3 Qe4+ 10. Qxe4 dxe4 11. Nf2 Nc6 12. Nxe4 Nxe5 13. d4 cxd4 14.
cxd4 Bf5 15. Ng3 Bb4+ 16. Bd2 Bxd2+ 17. Kxd2 Bxc2 18. dxe5 Ba4 19. Rb1 O-O-O+
20. Kc3 Rhe8 21. Bb5 Bxb5 22. Rxb5 Re7 23. Rc5+ Kb8 24. Nf5 Red7 25. Kb3 Rd3+
26. Rc3 R3d5 27. Nd6 Rxe5 28. Nxf7 Rb5+ 29. Ka4 Rdd5 30. Nd6 Ra5+ 31. Kb4 a6
32. a4 b6 33. Rc8+ Ka7 34. Rhc1 1-0

[Event "Arie Nijman Memorial 2023"]
[Site "Christchurch NZL"]
[Date "2023.05.20"]
[Round "3.10"]
[White "Nelson, Edwin (Ted)"]
[Black "Gilmore, Blake"]
[Result "1-0"]
[WhiteElo "1641"]
[BlackElo "1809"]

1. e4 Nf6 2. e5 Nd5 3. c4 Nb6 4. d4 d6 5. exd6 exd6 6. h3 g6 7. Nf3 Bg7 8. Bg5
Qd7 9. Be2 O-O 10. O-O Nc6 11. Nc3 h6 12. Be3 Qd8 13. Qd2 Kh7 14. Rfe1 Bf5 { } 
15. a3 Na5 16. Qd1 Naxc4 17. Bxc4 Nxc4 18. Qb3 Nxe3 19. Rxe3 b6 20. Rae1 Bf6
21. Nd5 Bg7 22. Qc3 Rc8 23. Ne7 Ra8 24. Nxf5 gxf5 25. Re7 c5 26. Qd3 Qc8 27.
Nh4 c4 28. Qc2 Kh8 29. Nxf5 Qc6 30. Nxg7 Kxg7 31. Qc3 Qd5 32. Qg3+ Kh7 33. Qf4
a6 34. R1e6 Qxe6 35. Rxe6 fxe6 36. Qxd6 b5 37. Qxe6 Rfd8 38. d5 { } 38... a5
39. Qb6 Rdb8 40. Qc5 Rb7 41. Qc6 Raa7 42. d6 Kg7 43. d7 Rxd7 44. Qxb5 Rdc7 45.
f4 Kf7 46. g4 Ke6 47. h4 Rab7 48. Qxa5 Rd7 49. Qe5+ Kf7 50. g5 hxg5 51. hxg5
Rd1+ 52. Kg2 Rd2+ 53. Kg3 Rbxb2 54. Kg4 Rbc2 55. Kf5 Re2 56. g6+ Kf8 57. Qf6+
Ke8 58. g7 Rg2 59. Qf8+ Kd7 60. g8=Q Rxg8 61. Qxg8 c3 62. Qd5+ Kc7 63. Qc4+ 1-0

[Event "Arie Nijman Memorial 2023"]
[Site "Christchurch NZL"]
[Date "2023.05.20"]
[Round "3.11"]
[White "Broad, Cory"]
[Black "Black, Ross"]
[Result "0-1"]
[WhiteElo "1490"]
[BlackElo "1730"]

1. d4 Nf6 2. c4 e5 3. dxe5 Ng4 4. Nf3 Nc6 5. e3 Bb4+ 6. Bd2 Qe7 7. a3 Bxd2+ 8.
Qxd2 O-O 9. Nc3 Ncxe5 10. Be2 d6 11. Nd5 Qd8 12. Rd1 Be6 13. Nxe5 Nxe5 14. O-O
c6 15. Nf4 Bxc4 16. Qxd6 Bxe2 17. Nxe2 Nc4 18. Qb4 Qb6 19. Qxc4 Qxb2 20. a4 b5
21. axb5 cxb5 22. Qd3 a6 23. Nf4 Qe5 24. Qd5 Qc7 25. Rc1 Qa5 26. h4 Rfd8 27.
Qe5 Re8 28. Qd5 Rad8 29. Qb7 Rb8 30. Ra1 Qxa1 31. Rxa1 Rxb7 32. Rxa6 b4 33. Nd5
Kf8 34. Rb6 Rxb6 35. Nxb6 b3 36. Nc4 Rc8 37. Nb2 Rc2 38. Na4 b2 39. Nxb2 Rxb2
40. g4 Ke7 41. Kg2 Ke6 42. Kg3 Rb4 43. h5 f5 44. f3 g5 45. hxg6 hxg6 46. gxf5+
gxf5 47. f4 Kd5 48. Kf3 Re4 49. Kf2 Kc4 50. Kf3 Kd3 0-1

[Event "Arie Nijman Memorial 2023"]
[Site "Christchurch NZL"]
[Date "2023.05.20"]
[Round "3.13"]
[White "Steadman, Michael V R"]
[Black "Patel, Akash"]
[Result "1-0"]
[WhiteElo "2308"]
[BlackElo "1300"]

1. b4 d5 2. Bb2 e6 3. Nf3 Nd7 4. e3 f5 5. a3 Ngf6 6. c4 c6 7. d3 h6 8. Nbd2 Bd6
9. Qc2 Qc7 10. e4 f4 11. c5 Be5 12. d4 dxe4 13. Nxe5 Nxe5 14. dxe5 Nd5 15. Qxe4
Qf7 16. Nc4 O-O 17. Nd6 Qe7 18. Bd3 Nf6 19. exf6 Rxf6 20. Bxf6 gxf6 21. Qg6+
Qg7 22. Qe8+ Qf8 23. Bh7+ Kg7 24. Qg6+ Kh8 25. Nf7+ 1-0

[Event "Arie Nijman Memorial 2023"]
[Site "Christchurch NZL"]
[Date "2023.05.20"]
[Round "3.14"]
[White "Forte, Hunter"]
[Black "Xu, Luna Yuexiu"]
[Result "0-1"]
[WhiteElo "1670"]
[BlackElo "1697"]

1. Nf3 Nf6 2. c4 d6 3. g3 g6 4. Bg2 Bg7 5. O-O O-O 6. d3 Nc6 7. b3 Nd7 8. d4 e5
9. Bb2 exd4 10. Nxd4 Nce5 11. f4 Ng4 12. Qd2 Qe7 13. h3 Qe3+ 14. Qxe3 Nxe3 15.
Rc1 c5 16. Ba3 Bxd4 17. Nc3 Nc2+ 0-1

[Event "Arie Nijman Memorial 2023"]
[Site "Christchurch NZL"]
[Date "2023.05.20"]
[Round "3.15"]
[White "Frith, Hunter"]
[Black "Mansell, Alexander"]
[Result "1-0"]
[WhiteElo "1002"]
[BlackElo "719"]

1. e4 Nf6 2. Nc3 g6 3. Nf3 Bg7 4. d3 d6 5. h3 O-O 6. Be3 Bd7 7. g4 e5 8. g5 Nh5
9. d4 exd4 10. Bxd4 h6 11. Qd2 a5 12. e5 Nc6 13. Bb5 Qe8 14. Bxc6 Bxc6 15. Qe3
dxe5 16. Bxe5 Bd5 17. Nxd5 Rd8 18. O-O-O Rd7 19. Qd4 Qd8 20. Bxg7 Re8 21. Be5
Rxd5 22. Qxd5 Qc8 23. Rd2 c6 24. Qd6 b5 25. Rhd1 Ng7 26. Qd8 Rxd8 27. Rxd8+
Qxd8 28. Rxd8+ Ne8 29. Rxe8+ 1-0

[Event "Arie Nijman Memorial 2023"]
[Site "Christchurch NZL"]
[Date "2023.05.20"]
[Round "4.1"]
[White "Liu, William Rui"]
[Black "McNabb, Matthew D"]
[Result "1/2-1/2"]
[WhiteElo "2105"]
[BlackElo "2240"]

1. e4 c5 2. Nf3 d6 3. d4 cxd4 4. Nxd4 Nf6 5. Nc3 a6 6. Be3 e5 7. Nf3 Be7 8. Bc4
O-O 9. O-O Nbd7 10. Bb3 b6 11. Qe2 Bb7 12. Nd2 b5 13. a3 Qc7 14. Rfd1 Rad8 15.
Bg5 Nb6 16. Bxf6 Bxf6 17. Nf1 Bg5 18. Nd5 Bxd5 19. Bxd5 Rc8 20. c3 g6 21. Ne3
Bxe3 22. Qxe3 Kg7 23. Rd3 f5 24. exf5 Nxd5 25. Rxd5 Rxf5 26. Rad1 Rf6 27. Qd2
Rd8 28. Rxe5 Rxf2 29. Kxf2 Rf8+ 1/2-1/2

[Event "Arie Nijman Memorial 2023"]
[Site "Christchurch NZL"]
[Date "2023.05.20"]
[Round "4.2"]
[White "Lukey, Stephen G"]
[Black "Gold, Hamish R"]
[Result "1-0"]
[WhiteElo "2324"]
[BlackElo "1744"]

1. d4 c5 2. d5 f5 3. Nc3 Nf6 4. Bg5 Ne4 5. Nxe4 fxe4 6. Qd2 d6 7. h4 Bf5 8. h5
Nd7 9. Qf4 Qa5+ 10. c3 g6 11. g4 Bg7 12. Qe3 Bxg4 13. h6 Bf6 14. Bh3 Bxh3 15.
Nxh3 O-O-O 16. O-O Rhf8 17. Qxe4 Rf7 18. Bxf6 Rxf6 19. Qxe7 Qa4 20. f4 Qc4 21.
Rad1 Rdf8 22. Qe3 Nb6 23. b3 Qb5 24. c4 Qd7 25. Qg3 Qe7 26. e3 Nd7 27. Ng5 b6
28. Rde1 Rh8 29. e4 Rhf8 30. a3 a5 31. Qg4 Kb7 32. Ne6 R8f7 33. Qg2 Nf8 34. Ng5
Rxf4 35. Nxf7 Rxf7 36. Rxf7 Qxf7 37. Qg3 Qe7 38. e5 dxe5 39. Qxe5 1-0

[Event "Arie Nijman Memorial 2023"]
[Site "Christchurch NZL"]
[Date "2023.05.20"]
[Round "4.3"]
[White "Christie, Richie"]
[Black "Anikonov, Artem"]
[Result "1/2-1/2"]
[WhiteElo "1945"]
[BlackElo "1668"]

1. d4 d5 2. Nc3 Nf6 3. Bf4 Bf5 4. f3 e6 5. g4 Bg6 6. h4 h6 7. h5 Bh7 8. e3 Bd6
9. Nh3 Nbd7 10. Nb5 Bxf4 11. Nxf4 a6 12. Nc3 c6 13. Bd3 e5 14. dxe5 Nxe5 15.
Bxh7 Rxh7 16. Qe2 Qe7 17. O-O-O Nc4 18. Nd3 Qxe3+ 19. Qxe3+ Nxe3 20. Rhe1 d4
21. Nc5 O-O-O 22. Rd3 Ng2 23. Red1 b6 24. N5a4 b5 25. Nc5 b4 26. Ne2 Ne3 27.
Rg1 Rd5 28. Nxd4 Nxc2 29. Ndb3 Na1 30. Rxd5 Nxb3+ 31. axb3 Nxd5 32. Nxa6 Rh8
33. Re1 Kb7 34. Nc5+ Kb6 35. Nd3 c5 36. Ne5 f6 37. Nc4+ Kc7 38. Re6 Rd8 39. Kc2
Rd7 1/2-1/2

[Event "Arie Nijman Memorial 2023"]
[Site "Christchurch NZL"]
[Date "2023.05.20"]
[Round "4.4"]
[White "Lu, Xiahan (Luna)"]
[Black "Familton, Gregory"]
[Result "1-0"]
[WhiteElo "1645"]
[BlackElo "1815"]

1. d4 Nf6 2. c4 e6 3. Nc3 Bb4 4. Qc2 O-O 5. e4 d6 6. Nf3 b6 7. Bd3 h6 8. O-O
Bxc3 9. bxc3 Nc6 10. Ba3 Re8 11. Rfd1 e5 12. c5 exd4 13. cxd4 Bg4 14. Bb5 Bd7
15. cxd6 Na5 16. dxc7 Qc8 17. Ba6 Qxa6 18. Ne5 Rac8 19. Nxd7 Nxd7 20. d5 Qc4
21. Rac1 Rxc7 22. Qd2 Qxe4 23. Rxc7 Nc4 24. f3 Qe3+ 25. Qxe3 Nxe3 26. Re1 Nf6
27. d6 Ned5 28. Rxe8+ 1-0

[Event "Arie Nijman Memorial 2023"]
[Site "Christchurch NZL"]
[Date "2023.05.20"]
[Round "4.5"]
[White "Elliot, Darryn B"]
[Black "Wang, Justin Zhide"]
[Result "1-0"]
[WhiteElo "2044"]
[BlackElo "1900"]

1. e4 e6 2. d3 d5 3. Nd2 Nf6 4. g3 c5 5. Bg2 Nc6 6. Nh3 Be7 7. O-O O-O 8. f4 b5
9. e5 Nd7 10. Nf3 Bb7 11. Nfg5 c4 12. dxc4 bxc4 13. Qh5 h6 14. Nf3 Bc5+ 15. Kh1
f6 16. Qg6 Qe8 17. Qxe8 Raxe8 18. exf6 Rxf6 19. c3 e5 20. fxe5 Ncxe5 21. Bf4
Nd3 22. Nd4 Bxd4 23. cxd4 Re2 24. b3 g5 25. bxc4 gxf4 26. Nxf4 Nxf4 27. Rxf4
Rxf4 28. gxf4 Rxg2 29. Kxg2 dxc4+ 30. Kf2 Kf7 31. Rb1 Be4 32. Rc1 Bd3 33. Rc3
a6 34. Ra3 Nb8 35. Ke3 Ke6 36. Ra5 Bf1 37. Rh5 Nd7 38. d5+ Kf6 39. Rxh6+ Ke7
40. Rxa6 Nb8 41. Re6+ Kd7 42. Kd4 Kc7 43. f5 Bh3 44. Rf6 Nd7 45. Rc6+ Kd8 46.
f6 Ke8 47. Kxc4 Kf7 48. a4 Bf1+ 49. Kd4 Nxf6 50. Rxf6+ Kxf6 51. Kc5 Ke7 52. d6+
Kd7 53. a5 Be2 54. h4 Bd3 55. h5 Kc8 56. h6 Be4 57. a6 Kd7 58. a7 1-0

[Event "Arie Nijman Memorial 2023"]
[Site "Christchurch NZL"]
[Date "2023.05.20"]
[Round "4.6"]
[White "Xu, Luna Yuexiu"]
[Black "Ashton, Matthew"]
[Result "1-0"]
[WhiteElo "1697"]
[BlackElo "1930"]

1. e4 c5 2. Nf3 e6 3. d4 cxd4 4. Nxd4 Nc6 5. Nc3 Qc7 6. Be2 a6 7. a3 Nf6 8. O-O
Be7 9. Be3 O-O 10. Kh1 Ne5 11. f4 Nc4 12. Bxc4 Qxc4 13. e5 Nd5 14. Nxd5 Qxd5
15. Nf5 Re8 16. Qxd5 exd5 17. Rad1 d6 18. Nxe7+ Rxe7 19. Rxd5 Bf5 20. exd6 Rxe3
21. Rxf5 Rd8 22. Rc5 Kf8 23. Re5 Rxe5 24. fxe5 f6 25. g4 Kg8 26. exf6 Rxd6 27.
f7+ Kf8 28. Kg2 b5 29. Kg3 Rd5 30. Rf5 Rd2 31. Rf2 Rd5 32. Kf4 Kxf7 33. Ke4+
Ke6 34. b3 Rd1 35. c4 Ra1 36. cxb5 Rxa3 37. bxa6 Rxa6 38. b4 Rb6 39. Rb2 g6 40.
b5 h5 41. gxh5 gxh5 42. h4 Kd6 43. Kf5 Kc7 44. Kg5 Rd6 45. b6+ Kb7 46. Rb5 Rd8
47. Kxh5 Kc6 48. Rg5 Kxb6 49. Kg6 Kc6 50. h5 Rd6+ 51. Kh7 Kd7 52. Rg7+ Ke8 53.
Rg6 Rd5 54. h6 Kf7 55. Ra6 Rd1 56. Ra7+ Kf8 57. Rg7 Rh1 58. Rg4 Kf7 59. Rf4+
Ke7 60. Kg6 Rg1+ 61. Kh5 Rh1+ 62. Kg6 Rg1+ 63. Kh7 Rh1 64. Rf5 Kd6 65. Rf8 Ke7
66. Ra8 Kf7 67. Ra7+ Kf8 68. Kg6 Rg1+ 69. Kf6 Kg8 70. Rg7+ 1-0

[Event "Arie Nijman Memorial 2023"]
[Site "Christchurch NZL"]
[Date "2023.05.20"]
[Round "4.7"]
[White "Gilmore, Blake"]
[Black "Broad, Cory"]
[Result "1-0"]
[WhiteElo "1809"]
[BlackElo "1490"]

1. Nf3 Nf6 2. g3 g6 3. Bg2 Bg7 4. O-O O-O 5. d3 d5 6. Nbd2 c5 7. c3 Nc6 8. Qc2
b6 9. e4 dxe4 10. Nxe4 Nxe4 11. dxe4 Bb7 12. Rd1 Qc7 13. Bf4 e5 14. Bg5 h6 15.
Be3 Rad8 16. Nh4 Ne7 17. f4 f5 18. fxe5 Qxe5 19. Qb3+ Kh7 20. Bf4 Qf6 21. e5
Rxd1+ 22. Rxd1 Qf7 23. Qxf7 Rxf7 24. e6 Rf8 25. Bxb7 g5 26. Bd6 Rd8 27. Nf3 Ng6
28. Rd5 Re8 29. Be5 Nxe5 30. Nxe5 Rxe6 31. Nf3 Re2 32. Rd2 Re7 33. Bc8 f4 34.
gxf4 gxf4 35. Bf5+ Kg8 36. Rd8+ Kf7 37. Rd7 Rxd7 38. Bxd7 Kf6 39. Kf2 Bf8 40.
Nd2 Kg5 41. Kf3 Bd6 42. Ne4+ 1-0

[Event "Arie Nijman Memorial 2023"]
[Site "Christchurch NZL"]
[Date "2023.05.20"]
[Round "4.9"]
[White "Moshakova, Elena"]
[Black "Frith, Hunter"]
[Result "1-0"]
[WhiteElo "1497"]
[BlackElo "1002"]

1. e4 e5 2. Nf3 Nc6 3. Bc4 Nf6 4. d3 g6 5. Ng5 Qe7 6. Bxf7+ Kd8 7. Bc4 Bh6 8.
Nf7+ Ke8 9. Bxh6 Qb4+ 10. Nd2 Qxb2 11. Nxh8 b5 12. Rb1 Qa3 13. Bf7+ Kd8 14. O-O
Nb4 15. Bg5 Bb7 16. Bxf6+ Kc8 17. Be7 Nxa2 18. Bxa3 Nc3 19. Qg4 Nxb1 20. Rxb1
Bc6 21. Bd5 Bxd5 22. exd5 h5 23. Qxg6 Kb7 24. Rxb5+ 1-0

[Event "Arie Nijman Memorial 2023"]
[Site "Christchurch NZL"]
[Date "2023.05.20"]
[Round "4.10"]
[White "Patel, Akash"]
[Black "Blair, Rowan"]
[Result "1/2-1/2"]
[WhiteElo "1300"]
[BlackElo "914"]

1. d4 d5 2. e3 Nf6 3. Bd3 Bg4 4. Nf3 e6 5. c3 Bd6 6. Nbd2 Nc6 7. Qc2 O-O 8. h3
Bxf3 9. Nxf3 e5 10. Bb5 e4 11. Nd2 a6 12. Bxc6 bxc6 13. Nb3 Qd7 14. Na5 c5 15.
dxc5 Bxc5 16. b4 Bb6 17. Nb3 Qa4 18. Qd2 a5 19. bxa5 Bxa5 20. O-O Qc4 21. Bb2
c6 22. Qd4 Qe2 23. Qc5 Rfc8 24. Nxa5 Qxb2 { } 25. Rfb1 Qc2 26. Rc1 Qa4 27. Nb3
Nd7 28. Qb4 Rcb8 29. Qxa4 Rxa4 30. Rc2 Rb5 31. Nd4 Rc5 32. Nb3 Rb5 33. Nd4 Rc5
34. Nb3 Rb5 1/2-1/2

[Event "Arie Nijman Memorial 2023"]
[Site "Christchurch NZL"]
[Date "2023.05.20"]
[Round "4.11"]
[White "Sharma, Vihaan"]
[Black "Forte, Hunter"]
[Result "0-1"]
[WhiteElo "993"]
[BlackElo "1670"]

1. d4 Nf6 2. c4 c6 3. Nf3 d5 4. g3 g6 5. Bg2 Bg7 6. O-O O-O 7. cxd5 cxd5 8. Nc3
e6 9. Bf4 Nh5 10. Be3 f5 11. Qd2 Qc7 12. Rac1 Nc6 13. Rfd1 f4 14. gxf4 Nxf4 15.
Bxf4 Rxf4 16. e3 Rf7 17. Nb5 Qe7 18. Qe2 Bd7 19. Nc3 Raf8 20. e4 Qd6 21. e5 Qe7
22. Nb5 g5 23. Nd6 Rf4 24. h3 h5 25. Rf1 g4 26. Nd2 Nxd4 27. Qd3 gxh3 28. Bxh3
Qg5+ 29. Kh2 Rh4 30. Qe3 Bxe5+ 0-1

[Event "Arie Nijman Memorial 2023"]
[Site "Christchurch NZL"]
[Date "2023.05.21"]
[Round "5.1"]
[White "Cilia Vincenti, David"]
[Black "Liu, William Rui"]
[Result "0-1"]
[WhiteElo "2156"]
[BlackElo "2105"]

1. c4 e6 2. Nc3 d5 3. d4 Nf6 4. cxd5 exd5 5. Bg5 Be7 6. e3 O-O 7. Bd3 c6 8. Qc2
h6 9. Bh4 Re8 10. Nf3 Nbd7 11. O-O Ne4 12. Bxe4 Bxh4 13. Bh7+ Kh8 14. Bd3 Bf6
15. e4 dxe4 16. Nxe4 Nf8 17. Nxf6 Qxf6 18. Ne5 Be6 19. Rad1 Rad8 20. Bc4 Bxc4
21. Qxc4 Ne6 22. Rd3 Qe7 23. Rfd1 Rd5 24. Nf3 Qf6 25. Qb4 Nf4 26. Re3 Rxe3 27.
fxe3 Nh3+ 28. Kf1 Rf5 29. Ke2 Qg6 30. gxh3 Qg2+ 31. Kd3 Qxf3 32. Rd2 b6 33. Qd6
Qf1+ 34. Kc3 b5 35. Qxc6 Qc1+ 36. Rc2 Qxe3+ 0-1

[Event "Arie Nijman Memorial 2023"]
[Site "Christchurch NZL"]
[Date "2023.05.21"]
[Round "5.4"]
[White "Lu, Xiahan (Luna)"]
[Black "Carpinter, Anthony L"]
[Result "0-1"]
[WhiteElo "1645"]
[BlackElo "2215"]

1. d4 d5 2. c4 e6 3. Nc3 Nf6 4. Bg5 Be7 5. Nf3 O-O 6. e3 Nbd7 7. cxd5 exd5 8.
Bd3 c6 9. O-O Ne4 10. Bf4 Ndf6 11. Qc2 Nd6 12. Ng5 h6 13. Nh7 Re8 14. Nxf6+
Bxf6 15. Qd1 Bf5 16. Bxf5 Nxf5 17. Qg4 Qc8 18. Rac1 Rd8 19. Rc2 g6 20. Na4 h5
21. Qe2 Qe6 22. Qd3 Qe7 23. Nc5 Nd6 24. Bxd6 Rxd6 25. Qa3 b6 26. Nd3 Qd7 27.
Rfc1 Rc8 28. Qa4 h4 29. Ne5 Bxe5 30. dxe5 Re6 31. Qg4 Qe7 32. f4 Rc7 33. f5
Rxe5 34. fxg6 f5 35. Qf4 Rxe3 36. Qxf5 Re1+ 37. Rxe1 Qxe1+ 38. Qf1 Qxf1+ 39.
Kxf1 Kg7 40. Ke2 Kxg6 41. Ke3 c5 42. Kf4 Kf6 43. g4 hxg3 44. hxg3 d4 45. g4 Re7
46. g5+ Kg6 47. Rh2 c4 48. Rh6+ Kg7 49. Rd6 d3 50. Kf5 Rf7+ 51. Kg4 Rf2 52.
Rd7+ Rf7 53. Rd6 b5 54. Kh5 b4 55. Rd4 Rc7 56. Kg4 c3 0-1

[Event "Arie Nijman Memorial 2023"]
[Site "Christchurch NZL"]
[Date "2023.05.21"]
[Round "5.5"]
[White "Xu, Luna Yuexiu"]
[Black "Cummings, Nick"]
[Result "1/2-1/2"]
[WhiteElo "1697"]
[BlackElo "2128"]

1. e4 c6 2. d4 d5 3. Nc3 dxe4 4. Nxe4 Nf6 5. Nxf6+ exf6 6. Nf3 Bd6 7. c3 O-O 8.
Be2 Re8 9. O-O Nd7 10. Be3 Nf8 11. Re1 Bg4 12. h3 Be6 13. Qd2 Ng6 14. c4 Qd7
15. Bf1 Rad8 16. Rad1 Bb8 17. Qb4 Qc7 18. g3 h5 19. Bg2 Qd7 20. h4 Bg4 21. Rd2
Ne7 22. Qb3 Be6 23. Qc2 Bf5 24. Qb3 Be6 25. Qc2 1/2-1/2

[Event "Arie Nijman Memorial 2023"]
[Site "Christchurch NZL"]
[Date "2023.05.21"]
[Round "5.6"]
[White "Anikonov, Artem"]
[Black "Elliot, Darryn B"]
[Result "0-1"]
[WhiteElo "1668"]
[BlackElo "2044"]

1. e4 c6 2. d4 d5 3. e5 Bf5 4. Nc3 e6 5. Bd3 Bxd3 6. Qxd3 Bb4 7. Bd2 Ne7 8. Nf3
c5 9. O-O Nbc6 10. Nb5 c4 11. Qe2 a6 12. Bxb4 axb5 13. Bd2 Nf5 14. c3 h6 15. h3
b4 16. a3 bxa3 17. bxa3 Na5 18. Bf4 Nb3 19. Ra2 Ra4 20. Qb2 g5 21. Bg3 Qa5 22.
Rd1 O-O 23. Nd2 Nbxd4 24. cxd4 c3 25. Qxb7 Rxd4 26. Qb3 Rxd2 27. Rdxd2 cxd2 28.
Qc2 Ra8 29. Kf1 Qb5+ 30. Kg1 Qe2 31. Qxd2 Qxd2 32. Rxd2 Rxa3 33. Kh2 Nxg3 34.
fxg3 Re3 35. h4 Rxe5 36. Kh3 f5 0-1

[Event "Arie Nijman Memorial 2023"]
[Site "Christchurch NZL"]
[Date "2023.05.21"]
[Round "5.7"]
[White "Christie, Richie"]
[Black "Turp, Michael"]
[Result "1/2-1/2"]
[WhiteElo "1945"]
[BlackElo "1700"]

1. d4 d5 2. Bf4 Nf6 3. Nc3 c6 4. e3 Bf5 5. f3 e6 6. g4 Bg6 7. h4 h5 8. g5 Nfd7
9. Bd3 Bxd3 10. Qxd3 g6 11. Be5 Nxe5 12. dxe5 a6 13. O-O-O Qc7 14. f4 c5 15.
Nf3 Nc6 16. Kb1 O-O-O 17. Qe2 Be7 18. Rd2 Qb6 19. e4 d4 20. Nd1 Qc7 21. c3
1/2-1/2

[Event "Arie Nijman Memorial 2023"]
[Site "Christchurch NZL"]
[Date "2023.05.21"]
[Round "5.8"]
[White "Black, Ross"]
[Black "Nelson, Edwin (Ted)"]
[Result "1/2-1/2"]
[WhiteElo "1730"]
[BlackElo "1641"]

1. e4 c6 2. Nf3 d5 3. exd5 cxd5 4. d4 Nc6 5. Be2 Nf6 6. O-O Bg4 7. Nc3 e6 8.
Bf4 Be7 9. h3 Bh5 10. Re1 O-O 11. g4 Bg6 12. a3 Ne4 13. Bd3 Nxc3 14. bxc3 Rc8
15. Qd2 Bd6 16. Kg2 Qc7 17. Bxd6 Qxd6 18. c4 dxc4 19. Bxc4 Rfd8 20. Bb3 e5 21.
d5 e4 22. Ng5 Qe5 23. Qe3 Nd4 24. Nxe4 Bxe4+ 25. Qxe4 Qxe4+ 26. Rxe4 Nxb3 27.
cxb3 Rxd5 28. Rae1 h6 29. Re7 Rb5 30. R1e3 Rc2 31. Kg3 Ra2 32. b4 Rb6 1/2-1/2

[Event "Arie Nijman Memorial 2023"]
[Site "Christchurch NZL"]
[Date "2023.05.21"]
[Round "5.11"]
[White "Gold, Hamish R"]
[Black "Moshakova, Elena"]
[Result "1-0"]
[WhiteElo "1744"]
[BlackElo "1497"]

1. d4 Nf6 2. Bg5 d5 3. Nc3 e6 4. e4 Be7 5. e5 Nfd7 6. Bxe7 Qxe7 7. f4 c5 8. Nb5
Na6 9. Nd6+ Kf8 10. Nf3 f6 11. Bxa6 bxa6 12. O-O c4 13. Qd2 Rb8 14. b3 Nb6 15.
a4 Bd7 16. Qb4 a5 17. Qxa5 Nc8 18. Qc7 Nxd6 19. Qxb8+ Qd8 20. Qxd6+ 1-0

[Event "Arie Nijman Memorial 2023"]
[Site "Christchurch NZL"]
[Date "2023.05.21"]
[Round "5.12"]
[White "Forte, Hunter"]
[Black "Blair, Rowan"]
[Result "1-0"]
[WhiteElo "1670"]
[BlackElo "914"]

1. Nf3 d5 2. c4 Nf6 3. cxd5 Qxd5 4. Nc3 Qd8 5. d4 Nc6 6. d5 Nb4 7. Qa4+ Bd7 8.
Qxb4 e6 9. Qxb7 Nxd5 10. Nxd5 exd5 11. Qxd5 Bb4+ 12. Bd2 Be7 13. e3 O-O 14. Bc4
Be6 15. Qe4 Qd7 16. Bd3 Bf6 17. Qxh7# 1-0